[Event "New York Winter Invitational IM-C 2022"]
[Site "New York"]
[Date "2022.01.15"]
[Round "4.4"]
[White "Uyanga, Byambaa"]
[Black "Griffith, Kyron"]
[Result "0-1"]
[WhiteElo "2063"]
[BlackElo "2345"]
[Annotator "ChessBase"]
[PlyCount "104"]
[EventDate "2022.01.11"]
[EventType "tourn"]
[EventCountry "USA"]
[SourceTitle "playchess.com"]
[Source "ChessBase"]
[SourceQuality "1"]
[TimeControl "5400+30"]

1. e4 {[%emt 0:00:30]} c5 {[%emt 0:03:41]} 2. Nf3 {[%emt 0:00:16]} d6 {[%emt 0:00:11]} 3. d4 {[%emt 0:00:06]} cxd4 {[%emt 0:00:03]} 4. Nxd4 {[%emt 0:00:04]} Nf6 {[%emt 0:00:05]} 5. Nc3 {[%emt 0:00:03]} Nc6 {[%emt 0:00:05]} 6. Bc4 {[%emt 0:02:52]} Qb6 {[%emt 0:00:24]} 7. Nb3 {[%emt 0:01:41]} e6 {[%emt 0:00:14]} 8. Be3 {[%emt 0:00:34]} Qc7 {[%emt 0:00:04]} 9. f4 {[%emt 0:03:03]} a6 {[%emt 0:01:53]} 10. a4 {[%emt 0:05:07]} b6 {[%emt 0:02:51]} 11. Qe2 {[%emt 0:11:31]} Bb7 {[%emt 0:03:56]} 12. O-O {[%emt 0:09:27]} Nb4 {[%emt 0:04:20]} 13. Bd3 {[%emt 0:19:19]} Be7 {[%emt 0:02:32]} 14. h3 {[%emt 0:02:42]} O-O {[%emt 0:02:46]} 15. Qf2 {[%emt 0:05:55]} Nd7 {[%emt 0:00:51]} 16. Ne2 {[%emt 0:09:55]} d5 {[%emt 0:21:28]} 17. Ng3 {[%emt 0:06:07]} dxe4 {[%emt 0:01:37]} 18. Nxe4 {[%emt 0:00:22]} Rac8 {[%emt 0:02:51]} 19. Rac1 {[%emt 0:02:36]} Bd5 {[%emt 0:04:17]} 20. Nd4 {[%emt 0:01:18]} Qb7 {[%emt 0:02:47]} 21. Nc3 {[%emt 0:01:43]} Nxd3 {[%emt 0:01:09]} 22. cxd3 {[%emt 0:00:03]} Nc5 {[%emt 0:00:33]} 23. Rcd1 {[%emt 0:02:05]} Bf6 {[%emt 0:01:54]} 24. g4 {[%emt 0:15:11]} Rfd8 {[%emt 0:13:56]} 25. Nde2 {[%emt 0:00:00]} Bb3 {[%emt 0:01:46]} 26. Rd2 {[%emt 0:00:00]} Nxd3 {[%emt 0:02:59]} 27. Qf3 {[%emt 0:00:00]} Qxf3 {[%emt 0:06:10]} 28. Rxf3 {[%emt 0:00:00]} Nc5 {[%emt 0:00:34]} 29. Rxd8+ {[%emt 0:00:00]} Bxd8 {[%emt 0:00:13]} 30. Nd4 {[%emt 0:00:00]} Bc4 {[%emt 0:01:18]} 31. Rf2 {[%emt 0:00:00]} h6 {[%emt 0:03:38]} 32. Nf3 {[%emt 0:00:00]} Bf6 {[%emt 0:01:26]} 33. Ne5 {[%emt 0:00:00]} Bxe5 {[%emt 0:00:50]} 34. fxe5 {[%emt 0:00:00]} Nd3 {[%emt 0:00:03]} 35. Rc2 {[%emt 0:00:00]} Bb3 {[%emt 0:00:12]} 36. Rd2 {[%emt 0:00:13]} Nxe5 {[%emt 0:00:07]} 37. Kf2 {[%emt 0:03:21]} Nc4 {[%emt 0:00:23]} 38. Rd7 {[%emt 0:00:10]} Nxb2 {[%emt 0:00:30]} 39. Ne4 {[%emt 0:01:34]} Bxa4 {[%emt 0:00:14]} 40. Ra7 {[%emt 0:01:13]} Bc6 {[%emt 0:00:58]} 41. Nd6 {[%emt 0:00:15]} Rd8 {[%emt 0:00:01]} 42. Nxf7 {[%emt 0:00:43]} Rf8 {[%emt 0:00:18]} 43. Rxa6 {[%emt 0:00:49]} Rxf7+ {[%emt 0:00:20]} 44. Ke1 {[%emt 0:00:05]} Bb5 {[%emt 0:01:19]} 45. Ra8+ {[%emt 0:01:19]} Rf8 {[%emt 0:00:06]} 46. Rxf8+ {[%emt 0:00:21]} Kxf8 {[%emt 0:00:04]} 47. Bxb6 {[%emt 0:00:03]} Nc4 {[%emt 0:00:15]} 48. Bd4 {[%emt 0:00:13]} e5 {[%emt 0:00:06]} 49. Bc5+ {[%emt 0:00:07]} Kf7 {[%emt 0:00:06]} 50. Kf2 {[%emt 0:00:09]} g6 {[%emt 0:00:54]} 51. Kg3 {[%emt 0:00:15]} Ke6 {[%emt 0:00:22]} 52. h4 {[%emt 0:02:01]} h5 {[%emt 0:00:07]} 0-1

[Event "New York Winter Invitational IM-C 2022"]
[Site "New York"]
[Date "2022.01.15"]
[Round "4.5"]
[White "Paciorkowski, Lev"]
[Black "Zeltsan, Joseph"]
[Result "1-0"]
[WhiteElo "2335"]
[BlackElo "2325"]
[Annotator "ChessBase"]
[PlyCount "61"]
[EventDate "2022.01.11"]
[EventType "tourn"]
[EventCountry "USA"]
[SourceTitle "playchess.com"]
[Source "ChessBase"]
[SourceQuality "1"]
[TimeControl "5400+30"]

1. e4 {[%emt 0:02:17]} c5 {[%emt 0:00:06]} 2. Nf3 {[%emt 0:00:24]} d6 {[%emt 0:00:02]} 3. Nc3 {[%emt 0:00:09]} Nf6 {[%emt 0:00:45]} 4. h3 {[%emt 0:00:06]} a6 {[%emt 0:00:27]} 5. a4 {[%emt 0:00:05]} e5 {[%emt 0:17:43]} 6. Bc4 {[%emt 0:00:18]} Be7 {[%emt 0:00:20]} 7. d3 {[%emt 0:00:48]} Nc6 {[%emt 0:02:42]} 8. Bg5 {[%emt 0:01:23]} Rb8 {[%emt 0:01:33]} 9. Bxf6 {[%emt 0:01:51]} Bxf6 {[%emt 0:00:55]} 10. Nd5 {[%emt 0:02:37]} b5 {[%emt 0:00:43]} 11. axb5 {[%emt 0:00:21]} axb5 {[%emt 0:00:02]} 12. Ba2 {[%emt 0:00:27]} O-O {[%emt 0:00:47]} 13. O-O {[%emt 0:00:44]} g6 {[%emt 0:06:05]} 14. b4 {[%emt 0:14:06]} Bg7 {[%emt 0:02:09]} 15. bxc5 {[%emt 0:01:19]} dxc5 {[%emt 0:00:09]} 16. Ne3 {[%emt 0:00:26]} Kh8 {[%emt 0:13:38]} 17. Bd5 {[%emt 0:04:00]} Nb4 {[%emt 0:08:31]} 18. Ra7 {[%emt 0:02:43]} Nxd5 {[%emt 0:00:32]} 19. Nxd5 {[%emt 0:00:06]} b4 {[%emt 0:10:21]} 20. Rc7 {[%emt 0:14:31]} Rb5 {[%emt 0:05:22]} 21. Qa1 {[%emt 0:03:32]} Be6 {[%emt 0:13:10]} 22. Qa7 {[%emt 0:00:29]} Bxd5 {[%emt 0:05:58]} 23. exd5 {[%emt 0:09:12]} Qxd5 {[%emt 0:00:42]} 24. Rd7 {[%emt 0:04:49]} Ra5 {[%emt 0:01:14]} 25. Qc7 {[%emt 0:02:49]} Qa2 {[%emt 0:00:43]} 26. Ng5 {[%emt 0:00:25]} Kg8 {[%emt 0:05:15]} 27. Nxf7 {[%emt 0:01:03]} Raa8 {[%emt 0:01:33]} 28. Ng5 {[%emt 0:02:32]} Bh6 {[%emt 0:00:53]} 29. Rxh7 {[%emt 0:00:48]} Rac8 {[%emt 0:00:10]} 30. Rh8+ {[%emt 0:00:17]} Kxh8 {[%emt 0:00:03]} 31. Qh7# {[%emt 0:31:23]} 1-0

[Event "New York Winter Invitational IM-C 2022"]
[Site "New York"]
[Date "2022.01.16"]
[Round "5.1"]
[White "Zeltsan, Joseph"]
[Black "Rahul Srivatshav P"]
[Result "0-1"]
[WhiteElo "2325"]
[BlackElo "2466"]
[Annotator "TA RC"]
[PlyCount "74"]
[EventDate "2022.01.11"]
[EventType "tourn"]
[EventCountry "USA"]
[SourceTitle "playchess.com"]
[Source "ChessBase"]
[SourceQuality "1"]

{[%evp 11,74,28,29,39,29,16,41,37,37,41,38,31,47,37,47,12,22,10,17,7,21,18,40,32,11,-21,-15,-7,-10,-22,-27,-20,-20,-18,-16,-87,-24,-262,-272,-224,-258,-436,-447,-1076,-1015,-962,-935,-29980,-29981,-3420,-1129,-1094,-1052,-1015,-1062,-1052,-1048,-994,-604,-995,-981,-968,-934,-851,-585]} 1. e4 c5 2. Nf3 e6 3. d4 cxd4 4. Nxd4 Nc6 5. Nc3 Qc7 6. Be3 a6 7. Qf3 {B48: Sicilian: Taimanov: 5 Nc3 Qc7 6 Be3 a6 without Be2.} Nf6 {[%cal Of8a3]} 8. O-O-O Ne5 9. Qg3 {White is slightly better.} b5 10. f4 Neg4 11. Bg1 $1 {Strongly threatening e5.} b4 12. Na4 {e5 is the strong threat.} h5 13. e5 Nd5 14. b3 g6 15. Kb1 (15. h3 Bh6 $1 16. Ne2 Nxe5 $15) 15... Bb7 {aiming for ...Bh6.} 16. Bc4 Rc8 {[%cal Og6g5]} 17. h3 Nh6 {[#]} 18. Qf2 $146 ({Predecessor:} 18. Rh2 Bg7 19. Bxd5 Bxd5 20. Qe1 d6 21. g4 {½-½ (21) Ortiz,M (2283)-Delavekouras,S (2285) LSS email 2020}) 18... Nc3+ 19. Nxc3 bxc3 20. Qe2 $1 Qa5 21. Be3 $1 Nf5 (21... Qa3 22. Bc1 Qa5 23. a4 $14) 22. Nxf5 gxf5 23. Ka1 (23. Qd3 $11 Rc7 24. Rhg1) 23... Be4 (23... Qa3 $6 24. Bc1 Qa5 25. Rhg1 $11 (25. Qd3 Rd8 $11)) ({Better is} 23... h4 $17) 24. Bxa6 $2 {This move loses the game for White.} (24. Rd4 $1 $11) 24... Rb8 $1 $19 {White must now prevent ...Ba3.} ({Weaker is} 24... Ra8 25. Qb5 $1 Qc7 26. Bb6 $14) 25. Rd4 {[#]} ({Much worse is} 25. a4 Bc6 26. Rd4 Bc5 $17) 25... Bc6 $40 {[%mdl 128] Inhibits Ra4. Black attacks with force.} 26. Bd3 $2 ({Reject} 26. a4 Bc5 27. Rhd1 Ra8 $17) (26. b4 {might work better.} Bxb4 27. Rb1) 26... Ra8 {[%csl Ga8][%cal Ra5a2]} 27. a4 (27. Ra4 $142 Bxa4 28. bxa4 Qxa4 29. Bc4) 27... Bb4 {[%cal Oc6a4]} 28. Kb1 {[#]} Bxa4 $1 {[%cal Oa4b5][%mdl 512]} 29. bxa4 (29. Ba6 Bc6) 29... Qxa4 {[%csl Ga8][%cal Ra4a1]} 30. Ba6 Rxa6 (30... Rb8 $142 31. Bb5 Rxb5 32. Qxb5 Qxb5) 31. Qxa6 Qxa6 32. Rxb4 O-O {( -> ...Ra8)} 33. Bd4 Ra8 {[%csl Ga8][%cal Ra6a1]} 34. Bxc3 Qa2+ 35. Kc1 Rc8 36. Bb2 Qd5 37. Kb1 {[#]} Rxc2 $3 {[%mdl 512] Weighted Error Value: White=0.50/Black=0.17 (very precise)} 0-1

[Event "New York Winter Invitational IM-C 2022"]
[Site "New York"]
[Date "2022.01.16"]
[Round "5.2"]
[White "Griffith, Kyron"]
[Black "Paciorkowski, Lev"]
[Result "1-0"]
[WhiteElo "2345"]
[BlackElo "2335"]
[Annotator "TA"]
[PlyCount "69"]
[EventDate "2022.01.11"]
[EventType "tourn"]
[EventCountry "USA"]
[SourceTitle "playchess.com"]
[Source "ChessBase"]
[SourceQuality "1"]

{[%evp 14,69,47,17,16,20,40,32,41,33,37,38,24,31,37,38,39,64,139,147,145,146,156,108,178,158,187,174,191,182,179,186,190,191,245,239,430,404,495,430,481,476,455,444,488,485,6070,6070,6070,6070,5991,5991,5934,5759,5541,5457,1947,879]} 1. e4 c6 2. d4 d5 3. Nc3 dxe4 4. Nxe4 Nf6 5. Nxf6+ exf6 6. c3 Bd6 7. Bd3 O-O 8. Qc2 {Active counter play!} Re8+ {B15: Caro-Kann: 3 Nc3: 3...g6 and 3...dxe4 4 Nxe4 Nf6 5 Nxf6+ exf6.} 9. Ne2 h5 10. O-O h4 {White is slightly better.} 11. h3 Nd7 12. Bd2 Nf8 13. Rae1 Be6 14. f4 {[%cal Bf2f4,Bf4f5][%mdl 32]} c5 (14... Bxa2 $2 15. b3 $18) 15. f5 {[#]} Bd5 $146 (15... Bd7 $14) ({Predecessor:} 15... Bd7 16. d5 b5 17. b3 Rc8 18. c4 Rb8 19. Qd1 bxc4 20. bxc4 Rb2 21. Nf4 Rxe1 22. Qxe1 {1-0 (33) Maksimovic,B (2398)-Lizak,P (2457) Chess.com INT 2020}) 16. c4 $16 Bc6 17. d5 Bd7 18. Nf4 (18. Nc3 $142) 18... Qc7 (18... Rxe1 $16 19. Rxe1 Be5) 19. Qd1 Nh7 20. b3 Re5 21. Rxe5 Bxe5 22. Qh5 Re8 23. Qxh4 Bd4+ (23... b5 {was necessary.} 24. Ne6 (24. cxb5 Qb6 $16) 24... Qd6) 24. Kh1 $18 Ng5 $2 {[#]} (24... Qd6 25. Qg4 Be5) 25. Ne6 $1 {[%mdl 512]} fxe6 (25... Qd6 26. Nxd4) 26. fxe6 {White is clearly winning.} Nxe6 {Strongly threatening ...Nf8.} 27. Qh7+ (27. dxe6 Bxe6 28. Bg6 Rd8 $18) 27... Kf8 {[%cal Oc7g3]} 28. Bg6 (28. dxe6 Bxe6 29. Bf4 Qe7 $16) 28... Rd8 29. Bh6 {Threatening mate with d6.} ({Weaker is} 29. dxe6 Bxe6 30. Bf4 Qd7 $16) 29... Be8 (29... Bc8 $142) 30. dxe6 {[%cal Oe6e7] White threatens e7+! and mate.} Bxg6 31. Qh8+ Ke7 32. Qxg7+ Kd6 33. Bf4+ {[%mdl 64] [#] Skewer} Be5 34. Bxe5+ fxe5 35. e7 {Weighted Error Value: White=0.05 (flawless) /Black=0.33} (35. Qxg6 $142 Qe7 36. Rf7 Qxe6 37. Qd3+ Kc6 38. Qe4+ (38. Qxd8 Qxf7 39. Qd3 b6 $16) 38... Kd6 39. Qxb7 Qxf7 40. Qxf7) 1-0

[Event "New York Winter Invitational IM-C 2022"]
[Site "New York"]
[Date "2022.01.16"]
[Round "5.3"]
[White "Dukic, Zachary"]
[Black "Uyanga, Byambaa"]
[Result "1-0"]
[WhiteElo "2140"]
[BlackElo "2063"]
[Annotator "RC"]
[PlyCount "38"]
[EventDate "2022.01.11"]
[EventType "tourn"]
[EventCountry "USA"]
[SourceTitle "playchess.com"]
[Source "ChessBase"]
[SourceQuality "1"]
[TimeControl "5400+30"]

1. e4 {[%emt 0:02:16]} c5 {[%emt 0:00:05]} 2. Nf3 {[%emt 0:00:05]} d6 {[%emt 0:00:03]} 3. d4 {[%emt 0:00:05]} cxd4 {[%emt 0:00:03]} 4. Nxd4 {[%emt 0:00:04]} Nf6 {[%emt 0:00:04]} 5. Nc3 {[%emt 0:00:05]} g6 {[%emt 0:00:04]} 6. Be3 {[%emt 0:00:07]} Bg7 {[%emt 0:00:03]} 7. f3 {[%emt 0:00:06]} O-O {[%emt 0:00:06]} 8. Qd2 {[%emt 0:00:04]} Nc6 {[%emt 0:00:16]} 9. O-O-O {[%emt 0:00:07]} d5 {[%emt 0:02:23]} 10. exd5 {[%emt 0:00:07]} Nxd5 {[%emt 0:00:27]} 11. Nxc6 {[%emt 0:00:07]} bxc6 {[%emt 0:00:07]} 12. Bd4 {[%emt 0:00:05]} e5 {[%emt 0:00:50]} 13. Bc5 {[%emt 0:00:07]} Be6 {[%emt 0:00:41]} 14. Ne4 {[%emt 0:00:10]} Re8 {[%emt 0:00:58]} 15. h4 {[%emt 0:00:07]} h6 {[%emt 0:03:33]} 16. h5 {[%emt 0:00:12]} g5 {[%emt 0:00:09]} 17. g4 {[%emt 0:00:07]} Nf4 {[%emt 0:14:51]} 18. Qd3 {[%emt 1:35:29]} Qd7 19. Qxd7 {[%emt 0:00:00]} Red8 {[%emt 0:00:41]} 1-0

[Event "New York Winter Invitational IM-C 2022"]
[Site "New York"]
[Date "2022.01.16"]
[Round "5.4"]
[White "Eckert, Doug"]
[Black "Yudasin, Leonid"]
[Result "1/2-1/2"]
[WhiteElo "2206"]
[BlackElo "2465"]
[Annotator "RC"]
[PlyCount "39"]
[EventDate "2022.01.11"]
[EventType "tourn"]
[EventCountry "USA"]
[SourceTitle "playchess.com"]
[Source "ChessBase"]
[SourceQuality "1"]
[TimeControl "5400+30"]

1. d4 {[%emt 0:00:04]} Nf6 {[%emt 0:00:13]} 2. c4 {[%emt 0:00:03]} e6 {[%emt 0:00:08]} 3. Nf3 {[%emt 0:00:07]} b6 {[%emt 0:00:37]} 4. g3 {[%emt 0:00:09]} Ba6 {[%emt 0:00:07]} 5. b3 {[%emt 0:00:37]} d5 {[%emt 0:00:45]} 6. cxd5 {[%emt 0:02:49]} exd5 {[%emt 0:02:10]} 7. Bg2 {[%emt 0:00:58]} Bd6 {[%emt 0:02:11]} 8. O-O {[%emt 0:02:17]} Nbd7 {[%emt 0:06:15]} 9. a3 {[%emt 0:06:35]} O-O {[%emt 0:00:24]} 10. Nc3 {[%emt 0:00:15]} Re8 {[%emt 0:01:20]} 11. Re1 {[%emt 0:03:29]} c6 {[%emt 0:07:05]} 12. Nh4 {[%emt 0:03:31]} g6 {[%emt 0:03:03]} 13. Nf3 {[%emt 0:24:12]} Bb7 {[%emt 0:06:07]} 14. Bg5 {[%emt 0:08:57]} Be7 {[%emt 0:03:22]} 15. e4 {[%emt 0:11:28]} Nxe4 {[%emt 0:10:26]} 16. Nxe4 {[%emt 0:00:11]} dxe4 {[%emt 0:00:07]} 17. Rxe4 {[%emt 0:00:02]} c5 {[%emt 0:00:17]} 18. Bxe7 {[%emt 0:02:18]} Rxe7 {[%emt 0:00:08]} 19. Rxe7 {[%emt 0:00:06]} Qxe7 {[%emt 0:00:19]} 20. dxc5 {[%emt 0:01:49]} 1/2-1/2

[Event "New York Winter Invitational IM-C 2022"]
[Site "New York"]
[Date "2022.01.16"]
[Round "5.5"]
[White "Narayanan, Samrug"]
[Black "Nakada, Akira"]
[Result "1-0"]
[WhiteElo "2320"]
[BlackElo "2249"]
[Annotator "TA"]
[PlyCount "89"]
[EventDate "2022.01.11"]
[EventType "tourn"]
[EventCountry "USA"]
[SourceTitle "playchess.com"]
[Source "ChessBase"]
[SourceQuality "1"]

{[%evp 14,89,31,29,31,23,54,26,31,25,25,20,59,38,31,24,27,44,23,26,35,33,75,8,59,27,74,48,47,35,58,58,190,189,374,322,318,310,339,197,444,438,431,382,401,290,267,204,233,233,234,242,237,229,223,234,355,245,255,254,370,387,376,385,369,388,438,432,576,570,656,661,705,629,1155,1107,5580,5173]} 1. e4 c6 2. d4 d5 3. Nc3 dxe4 4. Nxe4 Nf6 5. Nxf6+ exf6 6. c3 Bd6 7. Bd3 O-O 8. Qc2 {Active counter play!} Re8+ {B15: Caro-Kann: 3 Nc3: 3...g6 and 3...dxe4 4 Nxe4 Nf6 5 Nxf6+ exf6.} 9. Ne2 {[%cal Bg1e2,Be2c3,Bc3e4][%mdl 32]} h5 10. Be3 Nd7 {White has an edge.} 11. O-O-O Nf8 12. c4 Qa5 13. Kb1 Be6 14. Nc3 {Prevents b5.} b5 15. cxb5 cxb5 16. d5 $1 {[#]} Bd7 $146 ({Predecessor:} 16... Bg4 17. Bxb5 Bxd1 18. Rxd1 Re7 19. Bc6 Rb8 20. b3 f5 21. Bg5 Rc7 22. Bd2 Qa6 23. Qxf5 {0-1 (40) Yumakhuzhin,V (2157)-Harutjunyan,G (2440) Cheliabinsk 2019}) 17. Ne4 Rac8 18. Qe2 (18. Nxd6 Rxc2 19. Nxe8 (19. Bxc2 Re5 $15) 19... Rc8 $15) (18. Qb3 $1 $16 Be7 19. Bd2) 18... Be5 (18... Be7 $1 $11) 19. Rc1 Qb4 (19... Ng6 $11) 20. a3 (20. Bxa7 Ng6 21. Rxc8 Rxc8 $14) 20... Qa5 21. Rxc8 (21. Qxh5 b4 22. Rxc8 Rxc8 23. axb4 Qxd5 $17) 21... Rxc8 22. f4 (22. Qxh5 b4 23. axb4 Qxd5 $17) 22... Bc7 {Loses the game.} ({Black should try} 22... Bg4 $14 23. Qd2 Qxd2 24. Bxd2 Bb8) 23. Qxh5 $18 {Threatens to win with Bc5.} Bb6 {Inhibits Bc5.} (23... b4 {was called for.}) 24. Bd2 Qa4 25. Bb4 ({But not} 25. Nd6 g6 26. Qe2 Rc7 27. Nxb5 (27. Qe7 $2 Be6 $19) 27... Bxb5 $18) 25... Qb3 26. Qf3 {Chess con chili.} (26. Bc3 $142) 26... Ng6 $2 (26... Bd4 $2 {[#]} 27. Nxf6+ $1 {[%mdl 512]} (27. Qe2 $2 a5 $19) 27... Bxf6 28. Bh7+ $1 {[%mdl 512]} Nxh7 29. Qxb3 $18) (26... f5 27. Nd2 Qa4) 27. Nd2 Qa4 28. h4 {[%cal Bh2h4,Bh4h5,Bh5h6][%mdl 32]} Bc5 29. Bc2 Qa6 30. Bxc5 Rxc5 31. h5 Ne7 32. h6 Rxc2 33. Kxc2 $40 {[%cal Bb1c2,Bc2d1,Bd1e2,Be2e3,Be3f3][%mdl 160] hxg7 is the strong threat. White is out for blood.} ({Don't take} 33. h7+ $6 Kh8 34. Kxc2 Bf5+ 35. Kd1 Qc8 $16) 33... Bf5+ 34. Kd1 Qa4+ (34... Qc8 $142 35. Qc3 Qxc3 36. bxc3 Nxd5) 35. Ke2 Qd4 36. Qe3 Qxe3+ (36... Qxd5 $142 37. Kf2 gxh6 38. Rxh6 Kg7) 37. Kxe3 Nxd5+ {[%mdl 4096] Endgame KRN-KBN} 38. Kf3 gxh6 39. Rxh6 Bd3 40. g4 {[%cal Bg2g4,Bg4f5][%mdl 32] White is clearly winning.} a5 41. Ne4 f5 42. gxf5 {Black must now prevent Rd6.} Bc4 43. Rd6 {And now f6 would win.} Ne7 44. Kg4 Nd5 {[#]} 45. Rxd5 $1 {Weighted Error Value: White=0.23 (precise) /Black=0.43} 1-0

[Event "New York Winter Invitational IM-C 2022"]
[Site "New York"]
[Date "2022.01.16"]
[Round "6.1"]
[White "Rahul Srivatshav P"]
[Black "Nakada, Akira"]
[Result "0-1"]
[WhiteElo "2466"]
[BlackElo "2249"]
[Annotator "TA"]
[PlyCount "80"]
[EventDate "2022.01.11"]
[EventType "tourn"]
[EventCountry "USA"]
[SourceTitle "playchess.com"]
[Source "ChessBase"]
[SourceQuality "1"]

{[%evp 9,80,10,19,34,29,10,0,-29,-31,-29,15,11,14,-19,-16,-8,-20,-17,-19,-64,0,0,0,-13,-7,-6,-8,-20,18,35,25,15,12,-5,0,-37,-8,-36,-33,-27,-30,-37,-12,-433,-364,-1136,-487,-1112,-1053,-1320,-1320,-1320,-1320,-1046,-1348,-1338,-1331,-1305,-1295,-1298,-1296,-1240,-1209,-12838,-222,-12837,-12833,-5193,-6399,-29993,-29994,-29994,-29995]} 1. d4 d5 2. c4 e6 3. Nf3 a6 4. g3 dxc4 5. Bg2 Nc6 6. O-O {D30: Queen's Gambit Declined: Systems without Nc3.} Rb8 7. e4 Nf6 {[#]} 8. d5 $146 {The position is equal.} ({Predecessor:} 8. Nc3 Be7 9. Qe2 b5 10. Rd1 O-O 11. d5 exd5 12. e5 d4 13. exf6 Bxf6 14. Ne4 Be7 15. b3 d3 16. Qd2 Bg4 17. Bb2 Bxf3 18. Bxf3 {½-½ (40) Matlakov,M (2682)-Rakhmanov,A (2657) Ufa 2021}) 8... exd5 9. exd5 Qxd5 {[#]} (9... Nxd5 $142 10. Qe2+ Qe7 11. Qxc4 Be6) 10. Nd4 $1 $11 Qd7 (10... Ne4 $2 11. Bxe4 Qc5 12. Bxc6+ bxc6 13. Re1+ Be7 14. b3 $18) 11. Qe2+ Be7 12. Nxc6 bxc6 13. Re1 {[%cal Og2c6]} O-O {And now ...Bc5 would win.} 14. Nc3 ({Avoid the trap} 14. Qxe7 $2 Re8 15. Qxe8+ Nxe8 $19) (14. Qxc4 $11 Bd6 15. Qxc6) 14... c5 15. Bg5 ({Much weaker is} 15. Qxe7 Re8 16. Qe3 Rxe3 $17) 15... Bd8 16. Rad1 {Inhibits Qd3.} Qf5 17. Qd2 $132 {[%mdl 2048] White puts up resistance} Be6 18. Bf4 Be7 {[%cal Oe7d6]} (18... h6 {seems wilder.} 19. h3 g5 20. Be5 Nd7 21. g4 Qd3) 19. Bxc7 {Hoping for Re5.} Rbc8 20. Ba5 {[%mdl 1024] White has compensation.} Rfe8 21. f4 Qg6 22. Ne4 h6 23. Nd6 Bxd6 24. Qxd6 Bg4 25. Rc1 Qd3 26. Qxa6 {[%mdl 8192] This costs White the game.} (26. Rxe8+ $11 {and White stays safe.} Nxe8 27. Qxd3 cxd3 28. b3) 26... Be2 27. Bc3 $2 (27. Rxe2 Qxe2 28. Qxc4) 27... Qe3+ $19 28. Kh1 {Threatens to win with Rc2.} Ne4 29. Bxe4 Qxe4+ 30. Kg1 Qe3+ 31. Kg2 Bf3+ 32. Kf1 {[#]} Qd3+ $1 33. Kg1 Ra8 {[%cal Bc8a8,Ba8e8,Be8d8][%mdl 32]} 34. Rxe8+ Rxe8 35. Rf1 Kh7 36. Be5 Qe3+ 37. Rf2 Rd8 {[%cal Rd8d1] Inhibits Qd6.} 38. Bd6 Bg4 {( -> ...Bh3)} 39. Kg2 {Inhibits Bh3+.} Qe4+ 40. Kg1 Bh3 {Weighted Error Value: White=0.86/Black=0.08 (flawless)} 0-1

[Event "New York Winter Invitational IM-C 2022"]
[Site "New York"]
[Date "2022.01.16"]
[Round "6.2"]
[White "Yudasin, Leonid"]
[Black "Narayanan, Samrug"]
[Result "1/2-1/2"]
[WhiteElo "2465"]
[BlackElo "2320"]
[Annotator "TA"]
[PlyCount "19"]
[EventDate "2022.01.11"]
[EventType "tourn"]
[EventCountry "USA"]
[SourceTitle "playchess.com"]
[Source "ChessBase"]
[SourceQuality "1"]

{[%evp 13,19,-8,-6,0,2,-20,0,-47]} 1. e4 e6 2. d3 d5 3. Qe2 c5 4. Nf3 Nc6 5. g3 Nf6 6. Bg2 Be7 7. O-O O-O {The position is equal.} 8. Re1 {C00: French: Unusual White 2nd moves.} Re8 9. Nbd2 Qc7 {[#]} 10. Qd1 $146 {Not much happened in this game.  Weighted Error Value: White=0.09 (flawless) /Black=0.06 (flawless)} (10. c3 $11 {feels stronger.}) ({Predecessor:} 10. e5 Nd7 11. h4 f6 12. exf6 Nxf6 13. c4 Bd6 14. Nf1 h6 15. Bd2 Bd7 16. Rac1 Qb6 17. Rb1 Qa6 18. Qd1 Qxa2 {½-½ (60) Ghaem Maghami,E (2599)-Kravtsiv,M (2549) Beijing 2008}) 1/2-1/2